| 000 | 00522nam a22002177a 4500 | ||
|---|---|---|---|
| 003 | Nust | ||
| 005 | 20210922115819.0 | ||
| 008 | 170112b xxu||||| |||| 00| 0 eng d | ||
| 020 | _a0471018066 | ||
| 038 | _akhadija | ||
| 040 | _c. | ||
| 082 |
_a530.43 _bZUC |
||
| 100 |
_a Zucrow ,Maurice J. _982594 |
||
| 245 |
_aGas Dynamics / _cMaurice J. Zucrow |
||
| 250 | _aVolume2 | ||
| 260 |
_aNew York: _bJohn Wiley; _c1977. |
||
| 300 |
_a480p:, _b25 cm. |
||
| 500 | _aHardcover. | ||
| 563 | _ahardcover | ||
| 942 |
_cBK _2ddc |
||
| 999 |
_c31807 _d31807 |
||